Central Library OPAC University of Rajshahi

Changes and challenges : (Record no. 44914)

MARC details
000 -LEADER
fixed length control field 00838nam a2200253 a 4500
001 - CONTROL NUMBER
control field 44914
003 - CONTROL NUMBER IDENTIFIER
rucl marc code BD-RjUL
005 - DATE AND TIME OF LATEST TRANSACTION
control field 20211209053933.0
008 - FIXED-LENGTH DATA ELEMENTS--GENERAL INFORMATION
fixed length control field 160721s2001 bg d bs 000 0 eng
020 ## - INTERNATIONAL STANDARD BOOK NUMBER
International Standard Book Number 9840515896
035 ## - SYSTEM CONTROL NUMBER
System control number (BD-RjUL)45032
040 ## - CATALOGING SOURCE
Original cataloging agency DLC
Transcribing agency DLC
Language of cataloging eng
Modifying agency BD-RjUL
041 ## - LANGUAGE CODE
Language code of text/sound track or separate title eng
082 ## - DEWEY DECIMAL CLASSIFICATION NUMBER
Edition number 23
Classification number 338.95492
Author mark and year CHA 2000
245 00 - TITLE STATEMENT
Title Changes and challenges :
Remainder of title a review of Bangladesh's development 2000 /
Statement of responsibility, etc. team leader and editor, Rehman Sobhan
250 ## - EDITION STATEMENT
Edition statement Student ed.
260 ## - PUBLICATION, DISTRIBUTION, ETC. (IMPRINT)
Place of publication, distribution, etc. Dhaka :
Name of publisher, distributor, etc. University Press,
Date of publication, distribution, etc. 2001.
300 ## - PHYSICAL DESCRIPTION
Pagination xxii, 334 p.
Illustrations ill. ;
Size 24 cm.
651 #0 - SUBJECT ADDED ENTRY--GEOGRAPHIC NAME
Geographic name Bangladesh
General subdivision Economic policy
-- Econometric models.
9 (RLIN) 137637
Geographic name Bangladesh
General subdivision Economic conditions.
9 (RLIN) 137638
700 1# - ADDED ENTRY--PERSONAL NAME
Personal name Sobhan, Rehman.
710 2# - ADDED ENTRY--CORPORATE NAME
Corporate name or jurisdiction name as entry element Centre for Policy Dialogue (Bangladesh)
9 (RLIN) 137601
942 ## - ADDED ENTRY ELEMENTS (KOHA)
Source of classification or shelving scheme Dewey Decimal Classification
Koha item type Books
Holdings
Lost status Source of classification or shelving scheme Damaged status Not for loan Collection code Permanent Location Current Location Shelving location Date acquired Source of acquisition Total Checkouts Full call number Date last seen Copy number Koha item type
  Dewey Decimal Classification   Not For Loan Non-fiction Central Library, University of Rajshahi Central Library, University of Rajshahi Reading Room 09/12/2003 Gift   338.95492 CHA 2000 21/07/2016 C-1 Books